Million Dollar Questions #2 - Statistics

General Stats
  • This quiz has been taken 36 times
  • The average score is 5 of 15
Answer Stats
Question Answer % Correct
Which of the following landlocked countries is entirely contained within another country? Lesotho
66%
Which of these is not one of the American Triple Crown horse races? Arlington Million
51%
Which of these U.S. presidents appeared on the television series Laugh-In? Richard Nixon
46%
Who did artist Grant Wood use as the model for the farmer in his classic painting "American Gothic"? His Dentist
37%
Which king was married to Eleanor of Aquitaine? King Henry II
37%
For ordering his favorite beverages on demand, LBJ had four buttons installed in the Oval Office labeled "coffee," "tea," "Coke," and what? Fresca
34%
Compiled by Benjamin Franklin in 1737, "The Drinker's Dictionary" included all but which of these synonyms for "drunkenness?" Pifflicated
34%
Which scientific unit is named after an Italian nobleman? Volt
34%
Famous pediatrician and author Dr. Benjamin Spock won an Olympic gold medal in what sport? Rowing
29%
What scientist first determined that human sight results from images projected onto the retina? Johannes Kepler
23%
Khrushchev's famous 1960 "shoe-banging" outburst at the U.N. was in response to a delegate from what nation? The Philippines
23%
How many days make up a non-leap year in the Islamic calendar? 354
20%
The most-watched TV episode of all time, the final episode of M*A*S*H aired at 8:30 p.m. on February 28, 1983, following what sitcom? Alice
17%
What club did astronaut Alan Shepard use to make his famous golf shot on the moon? Six iron
17%
If you planted the seeds of Quercus robur, what would grow? Trees
14%
No matching quizzes found
Score Distribution
Percent of People with Each Score
Percentile by Number Answered
Your Score History
You have not taken this quiz